[Event "Hillerød - Philidor"]
[Site "?"]
[Date "2017.03.18"]
[Round "1.4"]
[White "Stojanovski (2272) HIL, Sandi"]
[Black "Bejtovic (2370) PHI, Jasmin"]
[Result "1/2-1/2"]
[BlackElo "2370"]
[WhiteElo "2272"]
[LiveChessVersion "1.4.7"]

1. e3 {[%clk 1:30:39]} g6 {[%clk 1:30:17]} 2. c4 {[%clk 1:29:03]} Bg7
{[%clk 1:29:50]} 3. Nc3 {[%clk 1:26:47]} e5 {[%clk 1:27:16]} 4. g3
{[%clk 1:25:01]} f5 {[%clk 1:26:28]} 5. d4 {[%clk 1:11:38]} e4 {[%clk 1:23:18]}
6. Nge2 {[%clk 1:10:20]} Nf6 {[%clk 1:23:38]} 7. Nf4 {[%clk 1:10:21]} c6
{[%clk 1:14:16]} 8. h4 {[%clk 1:09:04]} d6 {[%clk 1:02:22]} 9. h5
{[%clk 0:55:16]} g5 {[%clk 1:01:16]} 10. h6 {[%clk 0:53:00]} Bf8 {[%clk 1:01:43]}
11. Nh5 {[%clk 4:14:04]} Nbd7 {[%clk 0:58:40]} 12. Bd2 {[%clk 0:27:41]} Qe7
{[%clk 0:56:43]} 13. Nxf6+ {[%clk 0:23:04]} Nxf6 {[%clk 0:56:43]} 14. Be2
{[%clk 0:23:12]} g4 {[%clk 0:50:30]} 15. d5 {[%clk 0:22:04]} c5 {[%clk 0:50:17]}
16. b4 {[%clk 0:22:00]} Kf7 {[%clk 0:40:51]} 17. bxc5 {[%clk 0:20:32]} dxc5
{[%clk 0:41:10]} 18. d6 {[%clk 0:16:27]} Qxd6 {[%clk 0:39:36]} 19. Nb5
{[%clk 0:15:15]} Qc6 {[%clk 0:38:53]} 20. Bc3 {[%clk 0:12:29]} Be7
{[%clk 0:37:20]} 21. Be5 {[%clk 0:07:54]} Rd8 {[%clk 0:34:27]} 22. Qb3
{[%clk 0:08:01]} Be6 {[%clk 0:32:55]} 23. O-O {[%clk 0:04:48]} Rd7
{[%clk 0:28:15]} 24. Rad1 {[%clk 0:04:57]} a6 {[%clk 0:24:52]} 25. Nc3
{[%clk 0:05:10]} Rad8 {[%clk 0:24:32]} 26. Rxd7 {[%clk 0:03:34]} Rxd7
{[%clk 0:24:33]} 27. Bxf6 {[%clk 0:03:47]} Bxf6 {[%clk 0:24:38]} 28. Nd5
{[%clk 0:04:08]} Bxd5 {[%clk 0:24:21]} 29. cxd5 {[%clk 0:04:33]} Qd6
{[%clk 0:24:41]} 30. a4 {[%clk 0:04:35]} Kg6 {[%clk 0:24:07]} 31. Bc4
{[%clk 0:04:04]} Kxh6 {[%clk 0:22:14]} 32. Kg2 {[%clk 0:03:35]} Kg6
{[%clk 0:22:14]} 33. Rh1 {[%clk 0:03:17]} h5 {[%clk 0:22:11]} 34. Qc2
{[%clk 0:03:11]} Rh7 {[%clk 0:20:05]} 35. Qd1 {[%clk 0:01:55]} Qe5
{[%clk 0:17:47]} 36. Qe2 {[%clk 0:02:12]} Bd8 {[%clk 0:16:21]} 37. d6
{[%clk 0:01:54]} Rd7 {[%clk 0:15:42]} 38. Ba2 {[%clk 0:01:52]} Qxd6
{[%clk 0:09:53]} 39. Qc4 {[%clk 0:02:18]} Rg7 {[%clk 0:04:12]} 40. Bb3
{[%clk 0:02:07]} Qc6 {[%clk 0:03:01]} 41. Rc1 {[%clk 0:19:56]} Be7
{[%clk 0:26:59]} 42. a5 {[%clk 0:19:35]} Kh6 {[%clk 0:26:14]} 43. Rd1
{[%clk 0:18:38]} h4 {[%clk 0:16:54]} 44. Ba4 {[%clk 0:14:18]} h3+
{[%clk 0:12:11]} 45. Kg1 {[%clk 0:12:24]} Qf6 {[%clk 0:11:32]} 46. Bd7
{[%clk 0:12:09]} Bf8 {[%clk 0:06:22]} 47. Qd5 {[%clk 0:11:25]} Kg5
{[%clk 0:03:52]} 48. Rb1 {[%clk 0:04:14]} Bd6 {[%clk 0:02:28]} 49. Be6
{[%clk 0:03:14]} Be5 {[%clk 0:01:20]} 50. Kh2 {[%clk 0:02:47]} Re7
{[%clk 0:01:29]} 51. Bc8 {[%clk 0:02:36]} c4 {[%clk 0:01:10]} 52. Rb6
{[%clk 0:02:47]} Qg7 {[%clk 0:01:26]} 53. Qd8 {[%clk 0:02:38]} Bf6
{[%clk 0:01:11]} 54. Qd5 {[%clk 0:02:24]} Be5 {[%clk 0:01:27]} 55. Qxc4
{[%clk 0:02:03]} Qf7 {[%clk 0:00:39]} 56. Be6 {[%clk 0:02:02]} Qg7
{[%clk 0:00:39]} 57. Rb1 {[%clk 0:01:02]} Rc7 {[%clk 0:00:46]} 58. Qd5
{[%clk 0:01:01]} Rc2 {[%clk 0:00:55]} 59. Kg1 {[%clk 0:00:40]} h2+
{[%clk 0:01:00]} 60. Kxh2 {[%clk 0:00:52]} Rxf2+ {[%clk 0:01:14]} 61. Kg1
{[%clk 0:01:20]} Bxg3 {[%clk 0:00:51]} 62. Qd8+ {[%clk 0:01:19]} Kh6
{[%clk 0:00:36]} 63. Qd5 Rb2 {[%clk 0:00:38]} 64. Rf1 {[%clk 0:00:47]} Bh2+
{[%clk 0:00:38]} 65. Kh1 {[%clk 0:01:10]} Qe5 {[%clk 0:00:52]} 66. Qxe5
{[%clk 0:00:44]} Bxe5 {[%clk 0:01:15]} 67. Bxf5 {[%clk 0:00:53]} g3
{[%clk 0:00:48]} 68. Bxe4 {[%clk 0:01:19]} Bc3 {[%clk 0:00:47]} 69. Rf7
{[%clk 0:01:17]} Bxa5 {[%clk 0:00:36]} 70. Rxb7 {[%clk 0:01:38]} Rh2+
{[%clk 0:00:46]} 71. Kg1 {[%clk 0:02:03]} Re2 {[%clk 0:00:34]} 72. Ra7
{[%clk 0:01:12]} Bd2 {[%clk 0:00:49]} 73. Rxa6+ {[%clk 0:01:22]} Kg7
{[%clk 0:00:43]} 74. Rg6+ {[%clk 0:01:33]} Kf7 {[%clk 0:01:05]} 75. Rxg3
{[%clk 0:01:53]} Rxe3 {[%clk 0:01:24]} 76. Rxe3 {[%clk 0:02:14]} Bxe3+
{[%clk 0:01:48]} 1/2-1/2